Arabinofuranozidázy - enzýmy pre biotechnologické aplikácie

Enregistré dans:
Détails bibliographiques
Auteur principal: Hacaj, Matúš (Auteur)
Autres auteurs: Rebroš, Martin (Directeur de thèse)
Format: Manuscrit Livre
Langue:slovaque
Publié: 2025
Sujets:
Accès en ligne:http://is.stuba.sk/zp/portal_zp.pl?podrobnosti=168812
Tags: Ajouter un tag
Pas de tags, Soyez le premier à ajouter un tag!

MARC

LEADER 00000ntm a22000003a 4500
001 stuzp104768
003 SK-STU
005 20250628212008.1
007 ta
008 150427s2015----xo-----f-mn---000-0-slo-d
040 |a STU  |b slo 
041 0 |a slo 
100 1 |a Hacaj, Matúš  |u 044000  |4 aut  |U FCHPT Fakulta chemickej a potravinárskej technológie  |T FCHPT Ústav biotechnológie  |X 116072  |U C4000  |Y 102  |7 116072 
242 0 1 |a Arabinofuranosidases - enzymes for biotechnological applications  |y eng 
245 1 0 |a Arabinofuranozidázy - enzýmy pre biotechnologické aplikácie 
260 |c 2025 
650 4 |a -L-arabinofuranozidáza  |2 slo 
650 4 |a rekombinantný enzým  |2 slo 
650 4 |a Pichia pastoris  |2 slo 
650 4 |a purifikácia rekombinantných enzýmov  |2 slo 
650 4 |a enzyme purification  |2 eng 
650 4 |a Pichia pastoris  |2 eng 
650 4 |a recombinant enzyme purification  |2 eng 
650 4 |a -L-arabinofuranosidase  |2 eng 
700 1 |a Rebroš, Martin  |u 044000  |k Z1  |4 ths  |U FCHPT Fakulta chemickej a potravinárskej technológie  |T FCHPT Ústav biotechnológie  |X 4015  |U C4000  |Y 102  |7 A000004015 
856 4 |u http://is.stuba.sk/zp/portal_zp.pl?podrobnosti=168812